[Event "MCR mladeze 2019 - D14"]
[Site "Kouty nad Desnou"]
[Date "2019.03.10"]
[Round "2"]
[White "Markova, Karolina"]
[Black "Vankova, Marie"]
[Result "0-1"]
[WhiteElo "1474"]
[BlackElo "1341"]
[EventDate "2019.03.09"]

1. d4 d5 2. c4 e6 3. Nc3 Nf6 4. Bg5 Be7 5. Nf3 O-O 6. e3 Nbd7 7. Bd3 dxc4 8. Bxc4
c5 9. O-O a6 10. a4 cxd4 11. Nxd4 Qa5 12. Bh4 Ne5 13. Ba2 Ng6 14. Bg3 e5 15. Nb3
Qb4 16. Qc2 Bd7 17. Nc1 Rac8 18. Nd3 Qa5 19. Qe2 e4 20. Nf4 Bg4 21. Qe1 Bb4 22.
Qb1 Nxf4 23. Bxf4 Rxc3 24. bxc3 Bxc3 25. Qb3 Bxa1 26. Rxa1 Be6 27. Qb2 Bxa2 28.
Qxa2 Rd8 29. h3 Nd5 30. Qb2 Nxf4 31. exf4 Qc7 32. f5 h6 33. f6 g6 34. Rb1 Rd7 35.
Qe2 Qe5 36. Qc2 Rc7 37. Qe2 Rc6 38. Qe3 Rxf6 39. Rxb7 Qa1+ 40. Kh2 Qxa4 41. Qxh6
Qe8 42. Qe3 a5 43. Ra7 Rf5 44. Kg1 Rb5 45. Qc3 Rb1+ 46. Kh2 Qb8+ 47. Rc7 Rb7 48.
Qxa5 Qxc7+ 49. Qxc7 Rxc7 50. Kg3 Kg7 51. Kf4 Rc2 52. Ke3 f5 53. h4 Kh6 0-1

[Event "MCR mladeze 2019 - D14"]
[Site "Kouty nad Desnou"]
[Date "2019.03.10"]
[Round "2"]
[White "Lhotska, Anna"]
[Black "Zilava, Anezka"]
[Result "1-0"]
[WhiteElo "1845"]
[BlackElo "1267"]
[EventDate "2019.03.09"]

1. c4  e5  2. Nc3  Nf6
3. g3  Bc5  4. Bg2
c6  5. d3  Qb6
6. e3  O-O  7. Nge2  Re8
8. O-O  Bb4  9. a3
Bxc3  10. Nxc3  d6
11. b4  a6  12. Bb2
Bg4  13. Qd2  Nbd7
14. d4  exd4  15. exd4
c5  16. dxc5  dxc5
17. Nd5  Nxd5  18. Qxd5
Rab8  19. Qd2  Re2
20. Qc3  Nf6  21. Rfe1
cxb4  22. Qd4  Qxd4
23. Bxd4  bxa3  24. Rxe2
Bxe2  25. c5  Rd8
26. Be5  a2  27. Bxb7
Bc4  28. c6  Be6
29. c7  Re8  30. Rc1
Bc8  31. Bxc8  Rxc8
32. Rd1  a1=Q  33. Bxa1
1-0

[Event "MCR mladeze 2019 - D14"]
[Site "Kouty nad Desnou"]
[Date "2019.03.10"]
[Round "2"]
[White "Sulcova, Tereza Radmila"]
[Black "Nespora, Tatana"]
[Result "0-1"]
[WhiteElo "1268"]
[BlackElo "1319"]
[EventDate "2019.03.09"]

1. d4 d5 2. Nf3 c5 3. c3 Nf6 4. Bf4 e6 5. e3 Nbd7 6. Bd3 Be7 7. Nbd2 b6 8. e4
dxe4 9. Nxe4 Nh5 10. Nd6+ Kf8 11. Be5 Nxe5 12. Nxe5 Nf4 13. Nexf7 Qd7 14. Be4 Rb8
15. Nxc8 Kxf7 16. Nxe7 Kxe7 17. O-O cxd4 18. Qg4 Rhf8 19. Qxg7+ Rf7 20. Qg5+ Rf6
21. cxd4 Kf7 22. Rad1 Nh3+ 23. gxh3 Rg8 24. Qxg8+ Kxg8 25. Rd3 Rf4 26. f3 Qb5 27.
Rd2 Qb4 28. Rg2+ Kf7 29. d5 Qd4+ 30. Kh1 exd5 31. Bxh7 Qe3 32. Bg8+ Kf6 33. Bxd5
Qd3 34. Rfg1 Qxd5 35. Rg6+ Ke7 36. Rg7+ Rf7 37. R7g2 Rxf3 38. Re1+ Kd6 39. Kg1
Qd4+ 40. Kh1 Rxh3 41. Rg6+ Kc5 42. Rc1+ Kb5 43. Rgg1 Qd2 44. Rg2 Qxc1+ 45. Rg1
Qc6+ 46. Rg2 Qe4 47. b3 Rc3 48. Kg1 Qe1# 0-1

[Event "MCR mladeze 2019 - D14"]
[Site "Kouty nad Desnou"]
[Date "2019.03.10"]
[Round "2"]
[White "Jirotova, Eliska"]
[Black "Stavova, Helena"]
[Result "1-0"]
[WhiteElo "1250"]
[BlackElo "1068"]
[EventDate "2019.03.09"]

1. e4 e5 2. d4 exd4 3. Qxd4 Nc6 4. Qe3 Nf6 5. Nc3 Bb4 6. Bd2 O-O 7. O-O-O d6 8.
Bc4 Be6 9. Bxe6 fxe6 10. f3 Bc5 11. Qe1 Qd7 12. g4 Ne5 13. Bf4 Ng6 14. Bg3 Qe7
15. h4 Nd7 16. Bf2 Nge5 17. Bxc5 Nxc5 18. Qg3 Qf6 19. Rf1 Rad8 20. f4 Ng6 21. f5
Qe5 22. Qe3 exf5 23. gxf5 Ne7 24. Nf3 Qf6 25. h5 h6 26. Rfg1 Nc6 27. Rg6 Qe7 28.
Qxh6 Rf7 29. Rhg1 Rd7 30. f6 Qf8 31. Nd5 Nxe4 32. Ng5 Rxf6 33. Qh7# 1-0

[Event "MCR mladeze 2019 - D14"]
[Site "Kouty nad Desnou"]
[Date "2019.03.10"]
[Round "2"]
[White "Merinska, Julie"]
[Black "Holaskova, Marketa"]
[Result "1-0"]
[WhiteElo "1044"]
[BlackElo "1184"]
[EventDate "2019.03.09"]

1. e4  e5  2. Nf3  Nc6
3. d4  d6  4. Bb5
Bd7  5. d5  Nd4
6. Bxd7+  Qxd7  7. Nxd4  exd4
8. Qxd4  Nf6  9. e5
dxe5  10. Qxe5+  Qe7
11. Qxe7+  Bxe7  12. c4
c6  13. dxc6  bxc6
14. Nc3  Bb4  15. O-O
Bxc3  16. bxc3  Ne4
17. Re1  O-O-O  18. Bf4
Nxc3  19. Re7  Rhe8
20. Rc7+  Kb8  21. Rxf7+
Ka8  22. Kf1  Rd4
23. Be3  Rg4  24. Re1
Rxc4  25. Rxa7+  Kb8
26. Rxg7  Rb4  27. Ba7+
Ka8  28. Rxe8+  Rb8
29. Rxb8#  1-0

[Event "MCR mladeze 2019 - H10"]
[Site "Kouty nad Desnou"]
[Date "2019.03.10"]
[Round "2"]
[White "Jasso, Matej"]
[Black "Finek, Vaclav"]
[Result "1/2-1/2"]
[WhiteElo "1343"]
[BlackElo "1903"]
[EventDate "2019.03.09"]

1. e4  c5  2. Nf3  d6
3. d4  cxd4  4. Nxd4
Nf6  5. Nc3  g6
6. f3  Bg7  7. Be3  O-O
8. Bc4  Nc6  9. Qd2
Bd7  10. O-O-O  Rc8
11. Bb3  Ne5  12. h4
h5  13. Bh6  Nc4 14. Bxc4
Rxc4  15. Bxg7  Kxg7
16. Nb3  Qc7  17. Kb1
Rh8  18. Rhe1  Rc8
19. Rh1  Rh8  20. Rhe1
Rc8  21. Rh1  Rh8
1/2-1/2

[Event "MCR mladeze 2019 - H10"]
[Site "Kouty nad Desnou"]
[Date "2019.03.10"]
[Round "2"]
[White "Juhanak, Daniel"]
[Black "Zelba, Lukas"]
[Result "1-0"]
[WhiteElo "1586"]
[BlackElo "1218"]
[EventDate "2019.03.09"]

1. e4  c6  2. Nf3  d5
3. Nc3  Bg4  4. h3
Bh5  5. exd5  cxd5
6. g4  Bg6  7. Bb5+
Nc6  8. Ne5  Qd6
9. d4  a6  10. Bxc6+
bxc6  11. Qf3  f6
12. Nxg6  hxg6  13. Bf4
e5  14. dxe5  fxe5
15. Qe2  Kf7  16. Bxe5
Qb4  17. O-O-O  Re8
18. Qf3+  Nf6  19. Rhe1
g5  20. Bxf6  gxf6
21. Rxe8  Kxe8  22. Qxf6
Rxh3  23. Qxc6+  Kf7
24. Nxd5  Qxg4  25. Qb7+
Kg6  26. Qxa6+  Kg7
27. Qa7+  Kh8  28. Qd4+
Qxd4  29. Rxd4  Rf3
30. Rd2  Bc5  31. Nc3
Bxf2  32. Kd1  Bh4
33. Ke2  Rf8  34. Rd3
Rf2+  35. Ke3  Rxc2
36. Rd2  Rc1  37. Kf3
Rf1+  38. Kg2  Rf4
39. Nd5  Ra4  40. b4
Be1 41. Rb2 Kg7  42. b5  Ba5
43. b6  Bxb6  44. Nxb6
Ra6 45. Nc4  Ra4  46. Ne3
Kf7  47. Kg3  Ke6
48. Re2  Kd6  49. Rd2+
Kc6  50. Rc2+  Kb5
51. Rb2+  Kc5  52. Rc2+
Kd4  53. Nf5+  Kd3
54. Rf2  Kc3  55. Nd6
Ra6  56. Ne4+  Kb4
57. Nxg5  Ra3+  58. Kg2
Rc3  59. Ne4  Rc1
60. Kf3  Ka3  61. Ke3
Rc8  62. Nd6  Rc6
63. Nb5+  Ka4  64. Nd4
Rc3+  65. Kd2  Rc8
66. Rf3  Rc4  67. Rd3
Rc5  68. Nc2  Rc8
69. Rc3  Rc5  70. Kd3
Rh5  71. Ra3+  Kb5 72. Kc3
Rh3+  73. Kb2  Rh4
74. Rb3+  Ka4  75. a3
Ka5  76. Rb4  Rh3
77. Rb3  Rh4  78. Rc3
Ka4  79. Ne3  Kb5
80. Kb3  Ka5  81. Nc4+
Kb5  82. a4+  Ka6
83. Kb4  Rh5  84. Rd3
Kb7  85. a5  Rh1
86. Rb3  Ka6  87. Ka4
Ra1+  88. Na3  Ka7
89. Kb5  Ka8  90. Ka6
Rb1  91. Rh3  Rb8
92. Nb5  Rc8  93. Nc7+
Kb8  94. Nd5  Rc6+
95. Nb6  Rg6  96. Rh8+
Kc7  97. Rh7+  1-0

[Event "MCR mladeze 2019 - H10"]
[Site "Kouty nad Desnou"]
[Date "2019.03.10"]
[Round "2"]
[White "Siles, Jan"]
[Black "Setina, Vaclav"]
[Result "0-1"]
[WhiteElo "1241"]
[BlackElo "1388"]
[EventDate "2019.03.09"]

1. d4 d5 2. Nc3  Nf6  3. e4  dxe4
4. f3  exf3  5. Nxf3
Bg4  6. Bc4  e6
7. Be3  Bd6  8. Qe2  O-O
9. O-O-O  c6  10. h3
Bh5  11. g4  Bg6
12. Ne5  Qc7  13. Bd2
Nbd7  14. Nxg6  hxg6
15. h4  Bf4  16. h5
g5  17. Rdf1  a5
18. Bxf4  gxf4  19. g5
Nd5  20. Nd1  Rae8
21. g6  N7f6  22. Qh2
Ng4  23. Qh4  f5
24. Rfg1  Ndf6  25. Be2
Nh6  26. Nf2  Ne4
27. Bd1  e5  28. dxe5 Nxf2
29. Qxf2  Qxe5  30. Re1
Qd5  31. Kb1  Rxe1
32. Rxe1  Rd8  33. c3 Qd3+
34. Qc2  Qxc2+  35. Bxc2
Kf8  36. Kc1  b5
37. Rf1  Ke7  38. Rxf4
Kf6  39. Bd1  Kg5
40. Rf3  Ng4  41. a3
Rf8  42. Bc2  f4
43. Be4 Ne5  44. Rh3  f3
45. Rh1  f2  46. Bg2
Nc4  47. h6  Ne3
48. hxg7  Rg8  49. Kd2
Nxg2  50. Ke2  Nf4+
51. Kxf2  Rxg7  52. Kf3
Rxg6  53. Rg1+  Kf5
54. Rh1  Nd5 55. Rh8  Ke5
56. Re8+  Kd6  57. a4
Nc7  58. Rd8+  Ke7
59. Rb8  Rg5  60. Rb7
Kd6  61. b4  bxa4
62. bxa5  Rxa5  0-1

[Event "MCR mladeze 2019 - H10"]
[Site "Kouty nad Desnou"]
[Date "2019.03.10"]
[Round "2"]
[White "Langmaier, Michal"]
[Black "Veverka, Vladimir"]
[Result "0-1"]
[WhiteElo "1128"]
[BlackElo "1347"]
[EventDate "2019.03.09"]

1. d4  Nf6  2. c4  e5
3. dxe5  Ng4  4. Bf4
Nc6  5. Nf3  Bb4+
6. Nbd2  Qe7  7. e3
Ngxe5  8. Nxe5  Nxe5
9. Be2  d6  10. O-O
Bxd2  11. Qxd2  O-O
12. Qc3  Ng6  13. Bg3
Bd7  14. Rfd1  Rfd8
15. Rac1  Bc6  16. a3
f5  17. Bf1  Rf8
18. Qd4  a6  19. b4
b6  20. c5  dxc5
21. bxc5  b5  22. Qc3
Rfe8  23. Rd2  Nh8
24. Rcd1  g5  25. Qb3+
Kf8  26. Qc3  Ng6
27. Be2  Kg8  28. Bh5
Rad8  29. Bxg6  hxg6
30. Rxd8  Rxd8  31. Rxd8+
Qxd8  32. Qb3+  Kf8
33. Qc2  Qf6  34. Qd1
f4  35. Qd4  Qxd4
36. exd4  fxg3  37. hxg3
Ke7  38. f3  Ke6
39. Kf2  Kd5 0-1

[Event "MCR mladeze 2019 - H10"]
[Site "Kouty nad Desnou"]
[Date "2019.03.10"]
[Round "2"]
[White "Babula, Matej"]
[Black "Zemek, Antonin"]
[Result "1-0"]
[WhiteElo "1188"]
[BlackElo "1177"]
[EventDate "2019.03.09"]

1. e4  e5  2. Nf3  Nf6
3. Nc3  Bb4  4. d3
d5  5. exd5  Nxd5
6. Bd2  O-O  7. Be2
Nc6  8. O-O  Nf6
9. a3  Ba5  10. b4
Bb6  11. b5  Nd4
12. Nxe5  Ba5  13. Nf3
Bxc3  14. Bxc3  Nxb5
15. Bb2  Be6  16. Rb1
c6  17. Qd2  b6
18. Qf4  Nd5  19. Qg3  f6
20. Rfe1  Bf7  21. Rbc1
Nd6  22. c4  Ne7
23. Bxf6 Ndf5  24. Bxe7  Nxg3
25. Bxd8  Nxe2+  26. Rxe2
Raxd8  27. Ne5  Bh5
28. Re3  Rd6  29. c5
bxc5  30. Rxc5  Rb8
31. h3  Rb6  32. Kh2
g6  33. Nc4  Rf6
34. Nxb6  axb6  35. Rc2
Bd1  36. Rb2  c5
37. Re8+  Kg7  38. Rb8
Ba4  39. R8xb6  Rf5
40. Ra6  Be8  41. a4
Rd5  42. Ra7+  Kh6
43. Rbb7  Rxd3  44. f4
Rd2  45. Rxh7# 1-0

[Event "MCR mladeze 2019 - H12"]
[Site "Kouty nad Desnou"]
[Date "2019.03.10"]
[Round "2"]
[White "Paseka, Matyas"]
[Black "Janous, Marek"]
[Result "0-1"]
[WhiteElo "1929"]
[BlackElo "1663"]
[EventDate "2019.03.09"]

1. e4  c5  2. Nf3  Nc6
3. d4  cxd4  4. Nxd4
g6  5. Nc3  Bg7
6. Be3  Nf6  7. Bc4  Qa5
8. O-O  O-O  9. Bb3
d6  10. h3  Bd7
11. Re1  Rac8  12. Nf3  Rfe8
13. Qe2  a6  14. Rad1
Ne5  15. Nxe5  Qxe5
16. Bd4  Qa5  17. Nd5
Nxd5  18. exd5  Ba4
19. Bxg7  Kxg7  20. Qe4
Bxb3  21. axb3  Qc5
22. c4  b5  23. Qd4+
Kg8  24. Qxc5  Rxc5
25. Rd4  Kf8  26. Ra1
bxc4  27. bxc4  a5
28. b3  Rb8  29. Ra3
Rb4  30. Kf1  a4
31. Rxa4  Rxb3  32. Ra8+
Kg7  33. Ra6  Rb7
34. Ke2  Kf6  35. f4
h5  36. Kf3  Rb3+
37. Ke4  Rg3  38. Rc6
Rxg2  39. Rxc5  dxc5
40. d6  exd6  41. Rxd6+
Ke7  42. Rd3  Ke6
43. Rd5  Rg3  44. Rxc5
Rxh3  45. Rc6+  Kd7
46. Ra6  Rc3  47. Kd5
Ke7  48. Kd4  Rc1
49. c5  h4  50. Ra3
Kf6  51. Ke4  Rxc5
52. Ra6+  Kg7  53. Kf3
f5  54. Ra3  Kh6
55. Kg2  Kh5  56. Kh3
Rc2  57. Rf3  Rb2
58. Rf2  Rb3+  59. Kg2
Kg4  60. Kh2  Rf3
61. Rg2+  Rg3  62. Rf2
h3  63. Rf1  Rg2+
64. Kh1  Kg3  65. Rf3+
Kg4  66. Rf1  Rg3
67. Kh2  Rf3  68. Rg1+
Kh5  69. Rg5+  Kh6
70. Rg1  Rxf4  71. Kxh3
Kh5  72. Rd1  Rf3+
73. Kh2  Kg4  74. Rg1+
Kh5  75. Kg2  Ra3
76. Kf2  g5  77. Rb1
Kg4  78. Rg1+  Kf4
79. Rb1  Ra2+  80. Kg1
Kg4  81. Kf1  f4
82. Rb5  Kh4  83. Rf5
Kg4  84. Rb5  f3
85. Rc5  Kf4  86. Rb5
g4  87. Rb1  Kg3
88. Kg1  Kh3  89. Rf1
Rg2+  90. Kh1  f2
91. Rc1  Rg1+  92. Rxg1
fxg1=Q+  93. Kxg1  Kg3
0-1

[Event "MCR mladeze 2019 - H12"]
[Site "Kouty nad Desnou"]
[Date "2019.03.10"]
[Round "2"]
[White "Fizer, Marek"]
[Black "Brozka, Karel"]
[Result "0-1"]
[WhiteElo "1628"]
[BlackElo "1863"]
[EventDate "2019.03.09"]

1. e4  e5  2. Nf3  Nf6
3. Nxe5  d6  4. Nf3
Nxe4  5. d3  Nf6
6. g3  Be7  7. Bg2
O-O  8. O-O  Bg4
9. h3  Be6  10. Nc3
Nc6  11. Re1  Nd5
12. Nxd5  Bxd5  13. c4
Be6  14. Qb3  Rb8
15. a4  Bf6  16. Bf4
Na5  17. Qa3  Nc6
18. Rad1  a5  19. Nd2
Nd4  20. Rc1  g6
21. Bh6  Bg5  22. Bxg5
Qxg5  23. Ne4  Qe7
24. Qc3  c5  25. Re3
f5  26. Nd2  Qf7
27. f4  b6  28. Rce1
Rbe8  29. Nf3  Qf6
30. Ng5  Bd7  31. Bd5+
Kg7  32. Rxe8  Rxe8
33. Rxe8  Bxe8  34. Qe1
Bxa4  35. Ne6+  Nxe6
36. Qxe6  Qxe6  37. Bxe6
Bc2  38. Kf2  Bxd3
39. Ke3  Bb1  40. Kd2
Be4  41. Ke3  Bc6
42. Kd3  Kf6  43. Bc8
Ke7  44. g4  Bd7
45. Bxd7  Kxd7  46. g5
Kc6  47. b3  b5
48. Kc3  bxc4  49. bxc4  d5
50. Kb3  dxc4+  51. Kxc4
a4  52. h4  a3
53. Kb3  Kd5  54. Kxa3  0-1

[Event "MCR mladeze 2019 - H12"]
[Site "Kouty nad Desnou"]
[Date "2019.03.10"]
[Round "2"]
[White "Nemec, Jachym"]
[Black "Soucek, Jan"]
[Result "1-0"]
[WhiteElo "1820"]
[BlackElo "1573"]
[EventDate "2019.03.09"]

1. d4  d5  2. c4  c6
3. cxd5  cxd5  4. Bf4
Nf6  5. Nc3  Nc6
6. e3  Bf5  7. Nf3
Qb6  8. Qb3  Qxb3
9. axb3  Rc8  10. Bb5
a6  11. Bxc6+  Rxc6
12. O-O  e6  13. Rfc1
Nh5  14. Ne5  Nxf4
15. exf4  Rc7  16. g4
Bg6  17. f5  f6
18. Nxg6  hxg6  19. fxe6  Bd6
20. Nxd5  Rxc1+  21. Rxc1
Bxh2+  22. Kg2  Kd8
23. Rh1  1-0

[Event "MCR mladeze 2019 - H12"]
[Site "Kouty nad Desnou"]
[Date "2019.03.10"]
[Round "2"]
[White "Lang, Simon"]
[Black "Werner, Hong Quan Dan"]
[Result "1-0"]
[WhiteElo "1448"]
[BlackElo "1723"]
[EventDate "2019.03.09"]

1. e4  e5  2. Nc3  Nf6
3. f4  d5  4. exd5
exf4  5. Nf3  Nxd5
6. Nxd5  Qxd5  7. d4
Be7  8. Be2  O-O
9. O-O  Bd6  10. c4
Qc6  11. c5  Be7
12. Ne5  Qh6  13. Bxf4
Bg5  14. Bxg5  Qxg5
15. Qb3  Be6  16. Bc4
Qd8  17. d5  b6
18. dxe6  Qd4+  19. Kh1  Qxe5
20. Rae1  Qxc5  21. e7 1-0

[Event "MCR mladeze 2019 - H12"]
[Site "Kouty nad Desnou"]
[Date "2019.03.10"]
[Round "2"]
[White "Hladky, Tadeas"]
[Black "Day, Tobias"]
[Result "0-1"]
[WhiteElo "1700"]
[BlackElo "1440"]
[EventDate "2019.03.09"]

1. e4  c5  2. Nc3  g6
3. f4  Bg7  4. Nf3
e6  5. g3  Ne7
6. d3  Nbc6  7. Be3  b6
8. Bg2  Bb7  9. O-O
O-O  10. Rb1  d5
11. Bd2  Rc8  12. e5
a6  13. h3  b5
14. a3  Qb6  15. Kh2  c4
16. dxc4  bxc4  17. Re1
Rfd8  18. Bc1  Na7
19. Be3  d4  20. Bxd4
Qc7  21. Ne2  Nf5
22. g4  Ne3  23. Qc1
Nxg2 24. Kxg2  Nb5  25. Qe3
Qc6  26. c3  Rd7
27. Rbd1  Rcd8  28. Kg3
Bf8  29. Rd2  Qxf3+
30. Qxf3  Bxf3  31. Kxf3
Nc7  32. Red1  Nd5
33. Ng3  Rb7  34. Rc2
Rb3  35. Ne4  Nb6
36. Nd2  Rxd4  37. Ke2
Rxd2+  38. Rdxd2  Nd5
39. Kf3  Bc5  40. Re2
Kf8  41. Re4  Rb8
42. Rd2  Nb6  43. h4
Ke7  44. h5  Rd8
45. Rxd8 Kxd8  46. hxg6  hxg6
47. Re2  Ke7  48. Rh2
Nd5  49. Rd2  Kd7
50. f5  gxf5  51. gxf5
Kc6  52. fxe6  fxe6
53. Re2  Kb5  54. Re4
a5  55. a4+  Kxa4
56. Rxc4+  Kb5  57. b3
a4  58. Rxa4  Nxc3
59. Rc4  Nd5  60. Re4
Nb6  61. Kg4  Kc6
62. Kg5  Kd5  63. Re2
Nd7  64. Rd2+  Bd4
65. b4  Kc4  66. Kg6
Kd5  67. Kg5  Kxe5
68. Re2+  Kd5  69. Rxe6
Kxe6 70. Kf4  Bc3  71. b5
Kd5  72. Ke3  Kc5
73. Ke4  Kxb5  74. Kd5
Bb4  75. Kd4  Nb6
76. Ke5  Kc5  77. Ke4
Nc4  78. Kf5  Kd5
79. Kf4  Bd6+  80. Kf5
Ne3+  81. Kf6  Bc5
82. Kf7  Ke5  83. Kg6
Be7  84. Kf7  Nd5
85. Ke8  Kd6  86. Kf7
Kd7  87. Kg6  Ke6
88. Kg7  Nf4  89. Kg8
Kf6  90. Kh7  Kf7
91. Kh6  Bf6  92. Kh7
Bg5  0-1

[Event "MCR mladeze 2019 - H12"]
[Site "Kouty nad Desnou"]
[Date "2019.03.10"]
[Round "2"]
[White "Buchta, Bartolomej"]
[Black "Vasinek, Martin"]
[Result "1/2-1/2"]
[WhiteElo "1648"]
[BlackElo "1406"]
[EventDate "2019.03.09"]

1. e4  c5  2. Nf3  Nc6
3. d4  cxd4  4. Nxd4
g6  5. Nc3  Bg7
6. Be3  Nf6  7. f3  d6
8. Bc4  Bd7  9. Qd2
O-O  10. Bb3  a6
11. O-O-O  b5  12. h4
Ne5  13. h5  Nxh5
14. g4  Nf6  15. Bh6
e6  16. Bxg7  Kxg7
17. Qh6+  Kg8  18. Nce2
Kh8  19. g5  Nh5
20. Ng3  Rg8  21. Nxh5
gxh5  22. Rxh5  Rg7
23. Qf6  Qxf6  24. gxf6
Rg6  25. Rdh1  h6
26. Rxh6+  Rxh6  27. Rxh6+
Kg8  28. Rh1  Rc8
29. Kd2  Nc6  30. Nxc6
Rxc6  31. Kd3  Rc5
32. Rg1+  Kf8  33. Rh1
Kg8  34. f4  Bc6
35. c4  bxc4+  36. Bxc4
Bxe4+  37. Kxe4  Rxc4+
38. Ke3  Rc2  39. Rg1+
1/2-1/2

[Event "MCR mladeze 2019 - H12"]
[Site "Kouty nad Desnou"]
[Date "2019.03.10"]
[Round "2"]
[White "Mohapl, Tomas"]
[Black "Matusik, Ondrej"]
[Result "1-0"]
[WhiteElo "1575"]
[BlackElo "1417"]
[EventDate "2019.03.09"]

1. e4  c5  2. Nf3  Nc6
3. d4  cxd4  4. Nxd4
Nf6  5. Nc3  e6
6. Be3  Bb4  7. Nxc6  bxc6
8. e5  Nd5  9. Bd2
Nxc3  10. bxc3  Be7
11. Bd3  f6  12. Qh5+
Kf8  13. exf6  Bxf6
14. O-O  a5  15. Rae1
Ba6  16. c4  Bc8
17. g4  Qe8  18. Qc5+
Qe7  19. Qe3  c5
20. c3  d6  21. g5
Rg8  22. gxf6  gxf6+
23. Kh1  Bb7+  24. Be4
f5  25. Bxb7  Qxb7+
26. f3  Re8  27. Rb1
Qc6  28. Qh6+  Rg7
29. Qf6+  Kg8  30. Qh4
Rg6  31. Qf2  Kh8
32. Rg1  Reg8  33. Rxg6
Rxg6  34. Rb5  Qa8
35. Qe2  Qg8  36. Be3
Qg7  37. Rb8+  1-0

[Event "MCR mladeze 2019 - H12"]
[Site "Kouty nad Desnou"]
[Date "2019.03.10"]
[Round "2"]
[White "Vilimek, Vit"]
[Black "Dolensky, Filip"]
[Result "0-1"]
[WhiteElo "1469"]
[BlackElo "1698"]
[EventDate "2019.03.09"]

1. e4  c5  2. b4  cxb4
3. a3  d5  4. exd5
Qxd5  5. Nf3  e5
6. c4  Qe6  7. Bd3
Nc6  8. O-O  Nf6
9. Re1  Bd6  10. axb4
Nxb4  11. Nd4  Qg4
12. Qxg4  Bxg4  13. Ra3
Kd7  14. f3  exd4
15. fxg4  Rhe8  16. Bf5+
Kc7  17. Rxe8  Rxe8
18. Kf2  g6  19. g5
gxf5  20. gxf6  Re6
21. Bb2  Bc5  22. Rh3
Rxf6  23. Ba3  h6
24. Ke2  a5  25. Rh5
Kc6  26. Bb2  Re6+
27. Kd1  Nd3  28. Kc2
Nxb2  29. Kxb2  Rf6
30. Kb3  b5  31. cxb5+
Kxb5  32. Rh3  Rg6
33. Rf3  Rxg2  34. Rxf5
a4+  35. Ka2  Kc4
36. Kb2  Rxh2  37. Rxf7
Kd3  38. Rf3+  Ke4
39. Rf7  Bb4  40. Ra7
Bxd2  41. Rxa4  Bg5+
42. Kb3  Ke3  43. Ra8
h5  44. Na3 d3  45. Nc4+
Kf4  46. Rf8+  Ke4
47. Re8+  Kd4  48. Nb2
Re2  49. Ra8  Re4
50. Ra4+  Ke3  51. Ra1
Ke2  52. Nd1  Bd2
53. Nb2  Rb4+  54. Ka2
Bc3  55. Nxd3  Ra4+
56. Kb3  Bxa1  57. Nc1+
Kd2  58. Na2  Rxa2 0-1

[Event "MCR mladeze 2019 - H12"]
[Site "Kouty nad Desnou"]
[Date "2019.03.10"]
[Round "2"]
[White "Smolik, Jachym"]
[Black "Tajovsky, Simon"]
[Result "1-0"]
[WhiteElo "1698"]
[BlackElo "1453"]
[EventDate "2019.03.09"]

1. e4  c5  2. Nf3  Nc6
3. d4  cxd4  4. Nxd4
g6  5. c4  Bg7
6. Be3  Nf6  7. Nc3  O-O
8. Be2  d6  9. O-O
Bd7  10. Rc1  Nxd4
11. Bxd4  Bc6  12. f3
Nd7  13. Be3  Nc5
14. b4  Ne6  15. Qd2
a5  16. b5  Bd7
17. Na4  Qc7  18. Nb6  Rad8
19. Nd5  Qb8  20. Nxe7+
Kh8  21. Rfd1  Rfe8
22. Nd5  Nc5  23. Qxa5
Qa8  24. Qxa8  Rxa8
25. Nc7  Rxa2  26. Bxc5
Rc8  27. Bxd6  Rxe2
28. c5  Bh6  29. Rc4
Be6  30. Nxe6  fxe6
31. Be5+  Bg7  32. Bg3
Rb2  33. c6  bxc6
34. bxc6  e5  35. c7
Bf6  36. Bxe5  1-0

[Event "MCR mladeze 2019 - H12"]
[Site "Kouty nad Desnou"]
[Date "2019.03.10"]
[Round "2"]
[White "Kanak, Matyas"]
[Black "Prazak, Daniel"]
[Result "0-1"]
[WhiteElo "1425"]
[BlackElo "1547"]
[EventDate "2019.03.09"]

1. e4  e6  2. d4  d5
3. Nd2  c5  4. c3
cxd4  5. cxd4  dxe4
6. Nxe4  Bb4+  7. Nc3
Nc6  8. Nf3  Nf6
9. Bb5  O-O  10. O-O
Bd7  11. Bg5  h6
12. Bh4  Rc8  13. Ne4
Be7  14. Nc5  a6
15. Be2  g5  16. Bg3
Nxd4  17. Nxb7  Nxe2+
18. Qxe2  Qb6  19. Ne5
Bb5  20. Qf3  Bxf1
21. Rxf1  Nd5  22. Nd7
Qxb7  23. Nxf8  Bxf8
24. Qh5  Qxb2  25. h4
Rc1  26. Rxc1  Qxc1+
27. Kh2  Nf4  28. hxg5
Nxh5  0-1

[Event "MCR mladeze 2019 - H12"]
[Site "Kouty nad Desnou"]
[Date "2019.03.10"]
[Round "2"]
[White "Simunek, Jakub Simon"]
[Black "Kubin, Tomas Daniel"]
[Result "1/2-1/2"]
[WhiteElo "1529"]
[BlackElo "1415"]
[EventDate "2019.03.09"]

1. d4  d5  2. Nf3  Nf6
3. c4  e6  4. Nc3
Be7  5. Bg5  Nbd7
6. e3  O-O  7. cxd5
exd5  8. Bd3  c6
9. Qc2  Re8  10. O-O
Ne4  11. Bxe7  Qxe7
12. Nd2  Ndf6  13. Rfe1
Nxd2  14. Qxd2  Ne4
15. Qc2  Bd7  16. f3
Nf6  17. e4  dxe4
18. fxe4  h6  19. e5
Nd5  20. Ne4  Nb4
21. Qd2  Nxd3  22. Qxd3
Bf5  23. Qf3  Bxe4
24. Rxe4  Rad8  25. Rd1
Rd5  26. Qh5  Qg5
27. Qxg5  hxg5  28. Kf2
1/2-1/2

[Event "MCR mladeze 2019 - H12"]
[Site "Kouty nad Desnou"]
[Date "2019.03.10"]
[Round "2"]
[White "Kopecky, Matej"]
[Black "Pressler, Tobias"]
[Result "0-1"]
[WhiteElo "1321"]
[BlackElo "1509"]
[EventDate "2019.03.09"]

1. d4  d5  2. c4  e6
3. Nc3  Nf6  4. Bg5
c6  5. cxd5  exd5
6. Nf3  Nbd7  7. e3
Bb4  8. Bd3  Qa5
9. Qc2  O-O  10. O-O
h6  11. Bf4  Nh5
12. Ne2  Nxf4  13. Nxf4
Nf6  14. h3  Bd6
15. Ne2  Re8  16. a3
Ne4  17. Nc3  f5 18. Nd2
Qd8  19. Qd1  Qg5
20. f4  Qg6  21. Be2
Nxc3  22. bxc3  Rxe3
23. Rf2  Rxc3  24. Bh5
Qg3  25. Nf1  Qd3
26. Qe1  Bd7  27. Rf3
Qxd4+  28. Kh1  Rxf3
29. Bxf3  Re8  30. Qc1
Bxf4  31. Qb1  Be5
32. Ra2  Qc4  33. Rc2
Qa6  34. Be2  Qb6
35. Qc1  f4 36. Rc5  Bd6
37. Rc2  Be5  38. Bh5
Re7  39. Rc5  Bf5
40. h4  Bd4  41. Qxf4
Bxc5  42. Qxf5  Qc7
43. Bg6  Qd7  44. Bh7+
Kh8  45. Qd3  Bxa3
46. Bg6  Bd6  47. Qf3
Re5  48. Ne3  Qe6
49. Bf7  Rxe3  0-1

[Event "MCR mladeze 2019 - H14"]
[Site "Kouty nad Desnou"]
[Date "2019.03.10"]
[Round "2"]
[White "Gnojek, Petr"]
[Black "Mach, Petr"]
[Result "0-1"]
[WhiteElo "2147"]
[BlackElo "1974"]
[EventDate "2019.03.09"]

1. d4  d5  2. c4  c6
3. Nc3  dxc4  4. a4
e5  5. d5  cxd5
6. Qxd5  Nc6  7. Qxd8+  Kxd8
8. Bg5+  f6  9. O-O-O+
Bd7  10. Be3  Bb4
11. g3  Bxc3  12. bxc3
Kc7  13. Bc5  Rd8
14. Bh3  Bxh3  15. Nxh3
Nge7  16. e4  Nc8
17. Kc2  Nb6  18. Ra1
Na5  19. Be3  Nb3
20. Ra3  a5  21. f4
h6  22. Nf2  h5
23. Nd1  Kc6  24. fxe5  fxe5
25. Bg5  Rdf8  26. Re1
Nc5  27. Be7  Nd3
28. Re2  Rf7  29. Bg5
Rhf8  30. Be3  Nd7
31. Nb2  Nxb2  32. Kxb2
Nc5  33. Bxc5  Kxc5
34. Ra1  Rf3  35. Rd1
Rd3  36. Red2  Rfd8
37. Kc2  b5  38. axb5
Kxb5  39. Rb1+  Kc6
40. Re2  Rf3  41. Ra1
Kb5  42. Kb2  Rdd3
43. Rc1  Rfe3  44. Rce1
Rf3  45. Rc1  Rde3
46. Rcc2  Ka4  47. Red2
Rxe4  48. Rd7  Re1
49. Rc7  Kb5  50. Rd2
Rd3  51. Rf2  Rde3
52. Rb7+  Ka4  53. Rd2
Rd3  54. Rc2  Rdd1
0-1